| 000 | 01152nam a2200313 i 4500 | ||
|---|---|---|---|
| 001 | bg | ||
| 100 | 1 | _aRunkiewicz, Leonard. | |
| 245 | 1 | 0 |
_aWzmacnianie konstrukcji żelbetowych : _bporadnik = Strengthening of reinforced concrete constructions : guidance / _cLeonard Runkiewicz. |
| 246 | 3 | 1 | _aStrengthening of reinforced concrete constructions : guidance |
| 260 |
_aWarszawa : _bInstytut Techniki Budowlanej, _c2011. |
||
| 300 |
_a102 s. : _bil. ; _c24 cm. |
||
| 490 | 1 |
_aInstrukcje, Wytyczne, Poradniki / Instytut Techniki Budowlanej ; _vnr 468/2011 |
|
| 504 | _aBibliogr. s. 99-112. | ||
| 546 | _aStreszcz. ang. | ||
| 650 | 4 |
_aKonstrukcje żelbetowe _xbezpieczeństwo _xnormalizacja _zPolska |
|
| 650 | 4 | _aPoradniki | |
| 830 | 0 |
_aInstrukcje. Wytyczne. Poradniki - Instytut Techniki Budowlanej ; _v468/2011 |
|
| 020 | _a9788324947393 | ||
| 040 | _cBPK | ||
| 041 | 0 |
_apol _beng |
|
| 044 | _aPOL | ||
| 080 | _a624.012.45 | ||
| 080 | _a692 | ||
| 080 | _a(083.1) | ||
| 920 | _a978-83-249-4739-3 | ||
| 942 | _cKS | ||
| 008 | 120227s2011 pl |001 0 pol | ||
| 999 |
_c49872 _d49872 |
||
| 856 |
_uhttp://koha.tu.koszalin.pl/cgi-bin/koha/opac-detail.pl?biblionumber=49872 _yKatalog online BPK |
||